Centrální banky: nezávislost, odpovědnost, kredibilita

Otázky nezávislosti a zodpovednosti centrálnych bánk. V 90. rokoch došlo k zvýšeniu nezávislosti vo vyspelých, rozvojových i tranzitívnych ekonomikách. Nezávislosť centrálnych bánk je žiaduca. Väčšia miera nezávislosti by mala byť sprevádzaná zvýšenou zodpovednosťou voči demokraticky zvoleným zástup...

Descripción completa

Guardado en:
Detalles Bibliográficos
Autor principal: Jonáš, Jiří
Formato: Capítulo de libro
Lenguaje:checo
Materias:
Etiquetas: Agregar Etiqueta
Sin Etiquetas, Sea el primero en etiquetar este registro!

MARC

LEADER 00000naa a2200000 4500
001 r036486
005 20231002095730.6
041 0 |a cze 
044 |a CZ 
245 1 0 |a Centrální banky: nezávislost, odpovědnost, kredibilita  |c Jiří Jonáš 
520 |a Otázky nezávislosti a zodpovednosti centrálnych bánk. V 90. rokoch došlo k zvýšeniu nezávislosti vo vyspelých, rozvojových i tranzitívnych ekonomikách. Nezávislosť centrálnych bánk je žiaduca. Väčšia miera nezávislosti by mala byť sprevádzaná zvýšenou zodpovednosťou voči demokraticky zvoleným zástupcom spoločnosti (v oblasti menovej politiky). 
610 2 0 |a banky centrálne 
610 2 0 |a nezávislosť 
610 2 0 |a zodpovednosť 
610 2 0 |a transformácia 
610 2 0 |a politika menová 
100 1 |a Jonáš, Jiří